<?xml version="1.0" encoding="UTF-8"?>
<record
    xmlns:xsi="http://www.w3.org/2001/XMLSchema-instance"
    xsi:schemaLocation="http://www.loc.gov/MARC21/slim http://www.loc.gov/standards/marcxml/schema/MARC21slim.xsd"
    xmlns="http://www.loc.gov/MARC21/slim">

  <leader>02098nam a2200397 i 4500</leader>
  <controlfield tag="001">194306</controlfield>
  <controlfield tag="003">SpMaBN</controlfield>
  <controlfield tag="005">20250708195131.0</controlfield>
  <controlfield tag="007">ta</controlfield>
  <controlfield tag="008">231124s2023    sp     | |||| 000 0 spa  </controlfield>
  <datafield tag="017" ind1=" " ind2=" ">
    <subfield code="a">BI 852-2023</subfield>
    <subfield code="b">Oficina Dep&#xF3;sito Legal Vizcaya</subfield>
  </datafield>
  <datafield tag="020" ind1=" " ind2=" ">
    <subfield code="a">9788412583397</subfield>
  </datafield>
  <datafield tag="035" ind1=" " ind2=" ">
    <subfield code="a">a7388685</subfield>
  </datafield>
  <datafield tag="040" ind1=" " ind2=" ">
    <subfield code="a">SpMaBN</subfield>
    <subfield code="b">spa</subfield>
    <subfield code="c">SpMaBN</subfield>
    <subfield code="e">rda</subfield>
    <subfield code="d">ES-MaACL</subfield>
  </datafield>
  <datafield tag="100" ind1="1" ind2=" ">
    <subfield code="a">Vergara, Leire</subfield>
    <subfield code="9">235963</subfield>
    <subfield code="e">aut</subfield>
  </datafield>
  <datafield tag="245" ind1="1" ind2=" ">
    <subfield code="a">Cerca de las plazas de soberan&#xED;a /</subfield>
    <subfield code="c">Leire Vergara.</subfield>
  </datafield>
  <datafield tag="264" ind1=" " ind2="1">
    <subfield code="a">Madrid :</subfield>
    <subfield code="b">Caniche Editorial,</subfield>
    <subfield code="c">2023.</subfield>
  </datafield>
  <datafield tag="300" ind1=" " ind2=" ">
    <subfield code="a">256 p&#xE1;ginas :</subfield>
    <subfield code="b">ilustraciones (color) ; </subfield>
    <subfield code="c">21 cm</subfield>
  </datafield>
  <datafield tag="336" ind1=" " ind2=" ">
    <subfield code="a">Texto</subfield>
    <subfield code="2">rdacontent</subfield>
  </datafield>
  <datafield tag="337" ind1=" " ind2=" ">
    <subfield code="a">sin mediaci&#xF3;n</subfield>
    <subfield code="2">rdamedia</subfield>
  </datafield>
  <datafield tag="338" ind1=" " ind2=" ">
    <subfield code="a">volumen</subfield>
    <subfield code="2">rdacarrier</subfield>
  </datafield>
  <datafield tag="490" ind1="1" ind2=" ">
    <subfield code="a">Letra Caniche ;</subfield>
    <subfield code="v">12</subfield>
  </datafield>
  <datafield tag="520" ind1=" " ind2=" ">
    <subfield code="a">En un tiempo de fronteras expandidas, &#xBF;qu&#xE9; papel desempe&#xF1;an esos lugares que llamamos plazas de soberan&#xED;a: Perejil, Alhucemas, Chafarinas y V&#xE9;lez de la Gomera? Inaccesibles y deshabitados, estos peque&#xF1;os enclaves que permanecen monitorizados militarmente, situados frente a la costa norte de Marruecos pero bajo dominio espa&#xF1;ol, suponen una excepcionalidad territorial que permite a Europa intervenir en los flujos migratorios. Su indeterminada y ambigua condici&#xF3;n jur&#xED;dica remite a un modelo de extensi&#xF3;n colonial que sigue operando, a&#xFA;n hoy, de manera efectiva.  </subfield>
  </datafield>
  <datafield tag="651" ind1=" " ind2="7">
    <subfield code="2">embne</subfield>
    <subfield code="a">Perejil (Isla)</subfield>
    <subfield code="9">235965</subfield>
  </datafield>
  <datafield tag="651" ind1=" " ind2="7">
    <subfield code="2">embne</subfield>
    <subfield code="a">Alhucemas (Marruecos)</subfield>
    <subfield code="9">235970</subfield>
  </datafield>
  <datafield tag="651" ind1=" " ind2="7">
    <subfield code="2">embne</subfield>
    <subfield code="a">Pe&#xF1;&#xF3;n de V&#xE9;lez de la Gomera (Espa&#xF1;a)</subfield>
    <subfield code="9">235966</subfield>
  </datafield>
  <datafield tag="651" ind1=" " ind2="7">
    <subfield code="2">embne</subfield>
    <subfield code="a">Chafarinas</subfield>
    <subfield code="9">235967</subfield>
  </datafield>
  <datafield tag="830" ind1=" " ind2=" ">
    <subfield code="a">Letra Caniche ;</subfield>
    <subfield code="9">235964</subfield>
    <subfield code="v">12</subfield>
  </datafield>
  <datafield tag="852" ind1=" " ind2=" ">
    <subfield code="a">ES-MaACL</subfield>
    <subfield code="b">R.155101</subfield>
    <subfield code="c">DEPOJ</subfield>
    <subfield code="j">N-9884</subfield>
    <subfield code="h">Donaci&#xF3;n: Leire Vergara</subfield>
    <subfield code="9">201902</subfield>
    <subfield code="g">Dedicatoria aut&#xF3;grafa de la autora</subfield>
    <subfield code="x">Encuadernaci&#xF3;n r&#xFA;stica con solapas</subfield>
  </datafield>
  <datafield tag="903" ind1=" " ind2=" ">
    <subfield code="9">235963</subfield>
    <subfield code="a">Vergara, Leire</subfield>
    <subfield code="e">dnr</subfield>
  </datafield>
  <datafield tag="942" ind1=" " ind2=" ">
    <subfield code="n">0</subfield>
    <subfield code="c">MONOGRAFIA</subfield>
  </datafield>
  <datafield tag="999" ind1=" " ind2=" ">
    <subfield code="c">194306</subfield>
    <subfield code="d">194306</subfield>
  </datafield>
  <datafield tag="952" ind1=" " ind2=" ">
    <subfield code="0">0</subfield>
    <subfield code="1">0</subfield>
    <subfield code="2">udc</subfield>
    <subfield code="4">0</subfield>
    <subfield code="7">0</subfield>
    <subfield code="8">Librosdedicados</subfield>
    <subfield code="a">ATENEOM</subfield>
    <subfield code="b">ATENEOM</subfield>
    <subfield code="c">DEPOJ</subfield>
    <subfield code="d">2024-04-24</subfield>
    <subfield code="e">DONACION</subfield>
    <subfield code="l">0</subfield>
    <subfield code="o">N-9884</subfield>
    <subfield code="p">101227162</subfield>
    <subfield code="r">2024-04-24 00:00:00</subfield>
    <subfield code="w">2024-04-24</subfield>
    <subfield code="y">MONOGRAFIA</subfield>
    <subfield code="z">Dedicatoria aut&#xF3;grafa de la autora</subfield>
  </datafield>
</record>
